| 000 | 00802cam a2200241 i 4500 | ||
|---|---|---|---|
| 001 | sa 67001241 | ||
| 003 | DLC | ||
| 005 | 20260227112321.0 | ||
| 008 | 840912s1940 ii 000 0 kano | ||
| 010 | _asa 67001241 | ||
| 040 |
_aDLC _cDLC _dDLC |
||
| 041 | 1 |
_akan _hsan |
|
| 050 | 0 | 0 |
_aPK3798.S91 _bM76 |
| 100 | 0 | _aŚūdraka. | |
| 240 | 1 | 0 |
_aMr̥cchakaṭika. _lKannada |
| 245 | 1 | 0 |
_aKarnāṭaka Mr̥cchakaṭika prakaraṇaṃ / _cNañjanagūḍu Subbaśāstrigaḷavarinda viracitavādudu. |
| 260 |
_aMaisūru : _bGaurnameṇṭ Brānc Pres Asisṭeṇṭ Sūpariṇṭiṇḍeṇṭarinda mudrisalpaṭṭitu, _c1940. |
||
| 300 |
_a135 p. ; _c22 cm. |
||
| 500 | _aA play. | ||
| 500 | _aIn Kannada. | ||
| 700 | 1 | _aSubbaśāstri, Nañjanagūḍu. | |
| 740 | 0 | _aMr̥cchakaṭika prakaraṇaṃ. | |
| 999 |
_c72484 _d72484 |
||